Statystyki dla Co to za logo? #4

Kliknij tutaj aby rozwiązać quiz!

Ogólne statystyki

  • Ten quiz został rozwiązany 5 203 razy
  • Średni wynik to 13 z 20

Statystyki odpowiedzi

Odpowiedź% Poprawnych
Facebook
100%
IKEA
96%
Visa
95%
Snickers
94%
Red Bull
93%
Air Jordan
86%
Tesla
86%
Gerber
84%
Levi
84%
ING
80%
Internet Explorer
70%
Nintendo
69%
Circle K
66%
UPS
59%
Louis Vuitton
50%
John Deere
41%
NBC
14%
American Airlines
12%
Best Buy
10%
Arm & Hammer
4%

Rozkład punktacji

Percentyl według liczby udzielonych odpowiedzi

Procent ludzi z każdym wynikiem

Twoja historia wyników

Nie rozwiązałeś tego quizu